सिविल सेवा प्रारम्भिक परीक्षा हेतु सामान्य अध्ययन पेपर-1 2023: (Record no. 195361)

MARC details
000 -LEADER
fixed length control field 01691nam a22002297a 4500
005 - DATE AND TIME OF LATEST TRANSACTION
control field 20230403143926.0
010 ## - LCCN (DPL NO)
LC control number B-749272-279
020 ## - INTERNATIONAL STANDARD BOOK NUMBER
International Standard Book Number 9789326199018
Terms of availability 1425.00
035 ## - SYSTEM CONTROL NUMBER
System control number B-749272-279
037 ## - SOURCE OF ACQUISITION
Source of stock number/acquisition बीएसबी प्रकाशन
082 ## - DEWEY DECIMAL CLASSIFICATION NUMBER
Classification number 000
100 ## - MAIN ENTRY--PERSONAL NAME
Personal name पाण्डे,मनोहर
245 ## - TITLE STATEMENT
Title सिविल सेवा प्रारम्भिक परीक्षा हेतु सामान्य अध्ययन पेपर-1 2023:
Remainder of title रिवीजन बुकलेट संलग्न /
Statement of responsibility, etc मनोहर पाण्डे ; प्रिया गोयल द्वारा सम्पादित
260 ## - PUBLICATION, DISTRIBUTION, ETC. (IMPRINT)
Place of publication, distribution, etc दिल्ली
Name of publisher, distributor, etc अरिहन्त पब्लिकेशन्स
Date of publication, distribution, etc 2023
270 ## - ADDRESS
Address 'रामछाया' 4577/15, अग्रवाल रोड, दरिया गंज
City नई दिल्ली
Postal code 110002
300 ## - PHYSICAL DESCRIPTION
Extent वि.पृ.
Dimensions 27सेमी(अजिल्द)
490 ## - SERIES STATEMENT
Series statement GSP(Guaranteed Success Package)
500 ## - GENERAL NOTE
General note रिवीजन बुकलेट पेपर-1 के साथ संलग्न(रिवीजन हेतु 5000+ महत्वपूर्ण तथ्यों की पुस्तक संलग्न ।)
700 ## - ADDED ENTRY--PERSONAL NAME
Personal name गोयल, प्रिया
942 ## - ADDED ENTRY ELEMENTS (KOHA)
Source of classification or shelving scheme Dewey Decimal Classification
Item type Hindi Books
Classification part 000
Call number suffix पाण्डेम
Holdings
Withdrawn status Lost status Not for loan Collection code Home library Current library Date acquired Source of acquisition Cost, normal purchase price Full call number Barcode Copy number Cost, replacement price Koha item type
      Non-fiction Ashok Vihar Ashok Vihar 03/04/2023 भारतीय साहित्य भवन/IN268/7.1.23/31/26.12.22/31.1.23 1425.00 000 पाण्डेम B-749274 1 1425.00 Hindi Books
      Non-fiction Bawana Bawana 03/04/2023 भारतीय साहित्य भवन/IN268/7.1.23/31/26.12.22/31.1.23 1425.00 000 पाण्डेम B-749278 1 1425.00 Hindi Books
      Non-fiction Central Library Central Library 03/04/2023 भारतीय साहित्य भवन/IN268/7.1.23/31/26.12.22/31.1.23 1425.00 000 पाण्डेम B-749272 1 1425.00 Hindi Books
      Non-fiction Mobile Library Mobile Library 03/04/2023 भारतीय साहित्य भवन/IN268/7.1.23/31/26.12.22/31.1.23 1425.00 000 पाण्डेम B-749273 1 1425.00 Hindi Books
      Non-fiction Patel Nagar Patel Nagar 03/04/2023 भारतीय साहित्य भवन/IN268/7.1.23/31/26.12.22/31.1.23 1425.00 000 पाण्डेम B-749275 1 1425.00 Hindi Books
      Non-fiction Sarojini Nagar Sarojini Nagar 03/04/2023 भारतीय साहित्य भवन/IN268/7.1.23/31/26.12.22/31.1.23 1425.00 000 पाण्डेम B-749276 1 1425.00 Hindi Books
      Non-fiction Shahdara Branch Shahdara Branch 03/04/2023 भारतीय साहित्य भवन/IN268/7.1.23/31/26.12.22/31.1.23 1425.00 000 पाण्डेम B-749279 1 1425.00 Hindi Books
      Non-fiction Vinoba Puri Vinoba Puri 03/04/2023 भारतीय साहित्य भवन/IN268/7.1.23/31/26.12.22/31.1.23 1425.00 000 पाण्डेम B-749277 1 1425.00 Hindi Books

© Delhi Public Library
Hit Counter
free hit counter